Anagrammes de préfectures françaises - Statistiques

Statistiques générales
  • Ce quiz a été pris 104 fois
  • Le résultat moyen est 22 sur 40
Statistiques - réponses
Anagrammes Préfectures % Correct
Ripas Paris
99%
Ciné Nice
94%
Pua Pau
91%
Dorez Rodez
88%
Nage Agen
84%
Trous Tours
84%
Nouer Rouen
81%
Bail Albi
76%
Lobis Blois
75%
Acne Caen
73%
Tannes Nantes
70%
Vereux Evreux
68%
Lumen Melun
66%
Englober Grenoble
65%
Miens Nimes
65%
Vernes Nevers
64%
Rotin Niort
64%
Abatis Bastia
63%
Coman (Footballeur) Macon
61%
Parvis Privas
61%
Ovules Vesoul
61%
Enclave Valence
56%
Gobeurs Bourges
55%
Charrets Chartres
50%
Regnas Angers
46%
Gliomes Limoges
46%
Rebats Tarbes
45%
Remailles Marseille
44%
Rochas Cahors
43%
Manies Amiens
39%
Grutee Gueret
35%
Flobert (Pistolet) Belfort
33%
Plaine Epinal
30%
Mulsion Moulins
30%
Saleron Orleans
30%
Sandiniste Saint Denis
24%
Mouchant Chaumont
23%
Clubarde Bar Le Duc
21%
Isolant Saint Lo
18%
Cubitainers Saint Brieuc
16%
Aucun quiz correspondant
Distribution des résultats
% des personnes avec chaque résultat
Percentile par nombre de réponses
Votre historique - résultats
Vous n’avez pas pris ce quiz